000 00409nam a2200157Ia 4500
999 _c30205
_d30205
003 OSt
005 20250630125437.0
008 250310s9999||||xx |||||||||||||| ||und||
040 _c.
082 _a823
_bP9354
100 _96053
_aPressburger, Emeric
245 0 _aKilling a mouse on sunday /
_cEmeric Pressburger
260 _aLondon :
_bThe reprint society ltd,
_c1961.
300 _a192 p.
942 _cBK
_2ddc